000 00544cam a2200205 4500
001 D1312
008 090401t1970 xxu||||| |||| 00| 0 eng d
035 _a(Sirsi) u63415
041 _aeng
050 _a693.5
100 _aBate, S.C.C.
245 _aEnvironmental changes, temperature, creep and shrinkage in concrete structures
260 _aGarston, Watford
_bBuilding Research Station
_c1970
300 _a20p. 30cm
350 _a0
490 _aCurrent Paper
_v7/70
700 _aLewsley, C.S.
942 _n0
948 _c04/03/1997
999 _c94554
_d94554